نسخة باى خطى

Saved in:

Main Author: محمد تقى.

Format: Book

Language: Undetermined

Published: 1963

Tags: Add Tag

No Tags, Be the first to tag this record!

Call Number: B20 DANE

LEADER 00291nam a2200121Ia 4500
008 240404s9999||||xx |||||||||||||| ||und||
050 4 |a B20 DANE 
100 1 |a محمد تقى. 
245 1 0 |a نسخة باى خطى  |c محمد تقى 
264 1 |c 1963 
300 |a 104  |c 24 
942 |2 lcc  |c BK 
999 |c 57985  |d 57985